000
00311 a2200109 4500
001
ART_9618
005
20260410161837.0
008
260409a
245
1
0
_a
El problema dual
100
1
_a
Bonatti, Patricia
773
0
_t
Contabilidad y administración
_g
- Año 5, Nº 54 (dic. 1981)
_w
REV5485
999
_c
23738
_d
23738